000 00543nam a22001817a 4500
003 URS
005 20220114171600.0
008 170324b xxu||||| |||| 00| 0 eng d
020 _a9716560699
050 _aQA76.76
_bV83G96 1995
100 _aGurewich, Nathan
_4author
245 _aTeach yourself Visual Basic 4 in 21 days
_cNathan Gurewich , Ori Gurewich
250 _aThird Edition
260 _aIndianapolis, Indiana:
_bSAMS Publishing,
_c1995
300 _axxix, 895 pages;
_c21 cm.
700 _4author
_aGurewich, Ori
942 _cFR
_2lcc
999 _c14207
_d14207